Cunoniaceae from Caparaó National Park, Mantiqueira Mountain Range, Brazil (Registro n. 339163)
[ somente texto ]
| 000 -LÍDER | |
|---|---|
| fixed length control field | 02941nab a2200265 i 4500 |
| 003 - CÓDIGO MARC DA AGÊNCIA CATALOGADORA | |
| Campo de controle | BR-BrBNA |
| 005 - DATA E HORA DA ÚLTIMA ATUALIZAÇÃO | |
| Campo de controle | 20251121170138.0 |
| 008 - CAMPO DE TAMANHO FIXO | |
| fixed length control field | 251121b2023 bl.ar|pooa||| 00| 0 eng | |
| 040 ## - FONTE DA CATALOGAÇÃO | |
| Agência catalogadora | BR-BrBNA |
| Idioma da catalogação | eng |
| 072 ## - CATEGORIA AGRIS | |
| Código AGRIS | F70 |
| 100 ## - ENTRADA PRINCIPAL - NOME PESSOAL | |
| Nome pessoal | Santos-Silva, Fernanda |
| 100 ## - ENTRADA PRINCIPAL - NOME PESSOAL | |
| Nome pessoal | Cardoso, Pedro Henrique |
| 100 ## - ENTRADA PRINCIPAL - NOME PESSOAL | |
| Nome pessoal | Cabral, Andressa |
| 245 ## - TÍTULO PRINCIPAL | |
| Título principal | Cunoniaceae from Caparaó National Park, Mantiqueira Mountain Range, Brazil |
| 500 ## - NOTA GERAL | |
| Nota geral | Publicação on-line; Bibliography p. 8-10 (50 ref.); 2 illus.; Summaries (En, Pt) |
| 942 ## - ADDED ENTRY ELEMENTS (KOHA) | |
| Koha item type | Analítica |
| 520 ## - NOTA DE RESUMO | |
| Nota de conteúdo | <br/><br/>Abstract<br/><br/>A floristic treatment is presented for Cunoniaceae in the Caparaó National Park (PNC), located in the<br/>Mantiqueira Mountain Range, on the border of the Minas Gerais and Espírito Santo states. This conservation<br/>unit comprises the highest mountain peak in southeastern Brazil, Bandeira Peak, at 2,890 m of elevation. Its<br/>vegetation encompasses different phytophysiognomies, including Dense Ombrophilous Forests, Montane<br/>Semi-deciduous Seasonal Forests, and High-Altitude Grasslands. Cunoniaceae was represented in the PNC by<br/>four species: Lamanonia ternata, L. ulei, Weinmannia humilis, and W. paulliniifolia. To contribute to further<br/>taxonomic studies and species conservation in the Mantiqueira Mountain Range, morphological descriptions,<br/>identification keys, photographs in vivo, and comments on the taxonomy, geographic distribution of the<br/>recorded species are provided.<br/><br/>Key words: Atlantic Forest, biodiversity, flora, Oxalidales.<br/><br/><br/><br/><br/><br/>Resumo<br/><br/>Apresenta-se um tratamento florístico de Cunoniaceae no Parque Nacional do Caparaó (PNC), localizado na<br/>Serra da Mantiqueira, na divisa dos estados de Minas Gerais e Espírito Santo. Essa unidade de conservação<br/>compreende o pico mais alto da Região Sudeste do Brasil, o Pico da Bandeira, com 2.890 m de altitude.<br/>Sua vegetação abrange diferentes fitofisionomias, incluindo floresta ombrófila densa, floresta estacional<br/>semidecídua montana e campos de altitude. A família está representada no PNC por quatro espécies: Lamanonia<br/>ternata, L. ulei, Weinmannia humilis, e W. paulliniifolia. Visando subsidiar futuros estudos taxonômicos<br/>e a conservação das espécies na Serra da Mantiqueira, nós fornecemos descrições morfológicas, chave de<br/>identificação, fotografias das espécies in vivo e comentários sobre taxonomia, distribuição geográfica das<br/>espécies registradas.<br/><br/>Palavras-chave: Floresta Atlântica, biodiversidade, flora, Oxalidales. |
| 650 ## - ASSUNTO - THESAGRO | |
| Cabeçalho tópico ou nome geográfico | FLORESTA ATLÂNTICA |
| 650 ## - ASSUNTO - THESAGRO | |
| Cabeçalho tópico ou nome geográfico | BIODIVERSIDADE |
| 650 ## - ASSUNTO - THESAGRO | |
| Cabeçalho tópico ou nome geográfico | FLORA |
| 650 ## - ASSUNTO - THESAGRO | |
| Cabeçalho tópico ou nome geográfico | CUNONIACEAE |
| 773 0# - ENTRADA ANALÍTICA | |
| Host Biblionumber | 709 |
| Registro do item | 359038 |
| Imprenta | Rio de Janeiro-RJ Jardim Botanico do Rio de Janeiro 1935 |
| Outro identificador | 2025-7012 |
| Título | Rodriguésia (Brazil) |
| ISSN | 0370-6583; 2175-7860 on-line |
| Colação | v. 74 p. 1-10; (2023) |
| Número de controle de registro | BR2025004484 |
| 856 ## - ACESSO E ENDEREÇO ELETRÔNICO | |
| Identificador uniforme de recurso - URI | https://www.scielo.br/j/rod/a/yxSN7x867VmJ75BqztTky5s/?format=pdf&lang=en |
Nenhum exemplar disponível.

BINAGRI